000 00822nam a22003010a 4500
001 PT40117
003 AR-LpoUNG
005 20210131230705.0
008 191001s2005||||ag |||||||||||||||||spa d
020 _a9789870400714
_c$18.50
040 _aAR-LpoUNG
_bspa
_cAR-LpoUNG
_eaacr
041 _aspa
044 _aag
082 0 _a808.068 3 473pul
100 1 _aPescetti, Luis María
245 1 3 _aEl pulpo está crudo
250 _a2§ edición, 7§ reimpresión
260 _aBuenos Aires :
_bAlfaguara,
_cfebrero de 2005.
300 _a62 p. :
_bil.
505 0 _aSugerido a partir de 8 años (etiqueta CELESTE)
650 4 _aCUENTOS
650 4 _aLITERATURA
651 4 _aDOCUMENTOS TEORICOS O METODOLOGICOS
653 _aLITERATURA INFANTIL
700 1 _aO'Kif
_eil.
905 _a40117
942 _cLIB
999 _c5646
_d5646